Environmentálne riziká manažment rizík

Bibliographic Details
Main Authors: Singovszká, Eva, 1984- (Author), Zeleňáková, Martina, 1975- (Author)
Format: Software eBook
Language:Slovak
PhysicalDescription:1 CD-ROM farebný 12 cm
Published: Košice Technická univerzita v Košiciach 2019
ISBN:9788055334431
Edition:Vydanie: prvé
Subjects:

MARC

LEADER 00000nam a2200000 4500
001 vtls012020568
003 SK-MaSNL
005 20260301203515.0
007 co cg auuua
008 210331s2019 xo m fqnp 000 0 slo
015 |a SNBS2021 
020 |a 9788055334431  |q (elektronická kniha) 
040 |a SNK  |b slo  |c SNK  |e rda 
041 0 |a slo 
044 |a xo  |c SK 
072 7 |a 504  |x Znečistenie a poškodenie životného prostredia  |2 konspekt 
072 7 |a 502  |x Životné prostredie a jeho ochrana  |2 konspekt 
080 |a 504  |2 2011 
080 |a 502.13  |2 2011 
080 |a (075.8)  |2 2011 
080 |a (0.034.44)  |2 2011 
100 1 |a Singovszká, Eva,  |d 1984-  |4 aut  |9 196233 
245 1 0 |a Environmentálne riziká  |b manažment rizík  |c Eva Singovszká, Martina Zeleňáková 
250 |a Vydanie: prvé 
264 1 |a Košice  |b Technická univerzita v Košiciach  |c 2019 
300 |a 1 CD-ROM  |b farebný  |c 12 cm 
336 |a text  |b txt  |2 rdacontent 
337 |a počítač  |b c  |2 rdamedia 
338 |a počítačový disk  |b cd  |2 rdacarrier 
347 |a textový súbor  |b PDF  |2 rda 
500 |a Nad názvom Technická univerzita v Košiciach. Stavebná fakulta 
650 0 7 |a environmentálne riziká  |2 SNKPH  |9 4154 
650 0 7 |a environmentálny manažment  |2 SNKPH  |9 3638 
650 0 7 |a Environmental risk  |2 SNKPHeng  |9 303155 
650 0 7 |a Environmental management  |2 SNKPHeng  |9 306245 
655 7 |a CD-ROM  |2 SNKPH  |9 70236 
655 7 |a učebnice vysokých škôl  |2 SNKPH  |9 70191 
655 7 |a Textbooks (higher)  |2 SNKPHeng  |9 276436 
700 1 |a Zeleňáková, Martina,  |d 1975-  |4 aut  |9 185925 
710 2 |a Technická univerzita v Košiciach.  |b Stavebná fakulta  |4 pbl  |9 173532 
919 |a 978-80-553-3443-1 
999 |c 902877  |d 904807 
952 |a SNK  |b SNK  |y NEVYP  |7 1  |p 17A1450250  |o snkSCDM 11688  |i snk2021/2496  |8 0  |0 0  |1 0  |4 0  |d 2021-03-31  |l 0  |r 2026-02-24 07:18:58  |w 2026-02-24